Basic of practical skills in nursing physiological functions

Bibliographic Details
Main Authors: Lizáková, Ľubomíra, 1976- (Author), Grešš Halász, Beáta, 1977- (Author), Rosińczuk, Joanna Stanislawa, 1971- (Author)
Format: Book
Language:English
PhysicalDescription:84 strán farebné fotografie, farebné ilustrácie, tabuľky 21 cm
Published: Prešov University of Presov in Presov, Faculty of Health Care 2023
ISBN:9788055530727
Edition:First edition
Subjects:

MARC

LEADER 00000cam a2200000 4500
001 vtls012228247
003 SK-MaSNL
005 20260302075037.0
008 230424s2023 xo oal frnp 000 0 eng
015 |a SNBA2023/05 
020 |a 9788055530727  |q (brožované) 
040 |a SNK  |b slo  |c SNK  |e rda 
041 0 |a eng 
044 |a xo  |c SK 
072 7 |a 616  |x Patológia. Klinická medicína  |2 konspekt 
072 7 |a 37.016  |x Učebné osnovy. Vyučovacie predmety. Učebnice  |2 konspekt 
080 |a 612  |2 2011 
080 |a (075.8)  |2 2011 
080 |a 616-083  |2 2011 
100 1 |a Lizáková, Ľubomíra,  |d 1976-  |4 aut  |9 183613 
245 1 0 |a Basic of practical skills in nursing  |b physiological functions  |c Ľubomíra Lizáková, Beáta Grešš Halász, Joana Stanislawa Rosińczuk 
250 |a First edition 
264 1 |a Prešov  |b University of Presov in Presov, Faculty of Health Care  |c 2023 
300 |a 84 strán  |b farebné fotografie, farebné ilustrácie, tabuľky  |c 21 cm 
336 |a text  |b txt  |2 rdacontent 
337 |a bez média  |b n  |2 rdamedia 
338 |a zväzok  |b nc  |2 rdacarrier 
366 |e 150 kusov 
500 |a Obsahuje zoznam skratiek, zoznam tabuliek a obrázkov 
504 |a Obsahuje bibliografiu na strane 81-84 
650 0 7 |a ošetrovateľská starostlivosť  |2 SNKPH  |9 63308 
650 0 7 |a fyziológia  |2 SNKPH  |9 697 
650 0 7 |a Nursing care  |2 SNKPHeng  |9 268413 
650 0 7 |a Physiology  |2 SNKPHeng  |9 266273 
650 0 7 |a Nursing  |2 SNKPHeng  |9 267855 
650 0 7 |a ošetrovateľstvo  |2 SNKPH  |9 2557 
655 7 |a učebnice vysokých škôl  |2 SNKPH  |9 70191 
655 7 |a Textbooks (higher)  |2 SNKPHeng  |9 276436 
700 1 |a Grešš Halász, Beáta,  |d 1977-  |4 aut  |9 196949 
700 1 |a Rosińczuk, Joanna Stanislawa,  |d 1971-  |4 aut  |9 246348 
852 |a Slovenská národná knižnica 
919 |a 978-80-555-3072-7 
954 |a odborná, vedecká literatúra pôvodná (slovenská)  |2 lita 
958 |a NB 
999 |c 1167588  |d 1169518 
952 |a SNK  |b SNK  |y PREZ  |7 0  |p 17A1528713  |o snkSC 202360  |i snk2023/8629  |8 0  |0 0  |1 0  |4 0  |d 2023-05-30  |l 0  |r 2025-10-24 00:00:00  |w 2026-02-24 
952 |a SNK  |b SNK  |y VYP  |7 0  |p 17A1528714  |o snkSC 202360 D1  |i snk2023/8630  |8 0  |0 0  |1 0  |4 0  |d 2023-05-30  |l 0  |r 2026-02-24 20:53:18  |w 2026-02-24